The Waiver of Applicable taxes, duties, levies and fees on the purchases of project related materials and services for the 360MW Combined-Cycle Power Project at Kpone in the Greater Accra Region by Messrs Sunon Asogli Power(GH) Limited (Record no. 4154)
[ view plain ]
| 000 -LEADER | |
|---|---|
| fixed length control field | 00784nam a22001577a 4500 |
| 003 - CONTROL NUMBER IDENTIFIER | |
| control field | OSt |
| 005 - DATE AND TIME OF LATEST TRANSACTION | |
| control field | 20241031122913.0 |
| 008 - FIXED-LENGTH DATA ELEMENTS--GENERAL INFORMATION | |
| fixed length control field | 240711b |||||||| |||| 00| 0 eng d |
| 041 ## - LANGUAGE CODE | |
| Language code of text/sound track or separate title | English |
| 082 ## - DEWEY DECIMAL CLASSIFICATION NUMBER | |
| Classification number | PM/CCPP/16 Acc.No.9011 |
| 110 ## - MAIN ENTRY--CORPORATE NAME | |
| Corporate name or jurisdiction name as entry element | Minister of Finance |
| 245 ## - TITLE STATEMENT | |
| Title | The Waiver of Applicable taxes, duties, levies and fees on the purchases of project related materials and services for the 360MW Combined-Cycle Power Project at Kpone in the Greater Accra Region by Messrs Sunon Asogli Power(GH) Limited |
| 300 ## - PHYSICAL DESCRIPTION | |
| Extent | 49.:tabs.: |
| 653 ## - INDEX TERM--UNCONTROLLED | |
| Uncontrolled term | 1. Waiver of Applicable taxes, duties, levies and fees 2. Purchases of project related materials and services. 3. 360MW Combined-Cycle Power Project 4. Sunon Asogli Power(GH) Limited 5. Kpone Power Project |
| 942 ## - ADDED ENTRY ELEMENTS (KOHA) | |
| Source of classification or shelving scheme | Dewey Decimal Classification |
| Koha item type | Agreements |
| Suppress in OPAC | No |
| Withdrawn status | Lost status | Source of classification or shelving scheme | Damaged status | Not for loan | Home library | Current library | Shelving location | Date acquired | Total checkouts | Full call number | Date last seen | Copy number | Price effective from | Koha item type |
|---|---|---|---|---|---|---|---|---|---|---|---|---|---|---|
| Dewey Decimal Classification | Main Library | Main Library | Open Shelves | 31/10/2024 | PM/CCPP/16 Acc.No.9011 | 31/10/2024 | 1 | 31/10/2024 | Agreements |